Statistics for Philadelphia 76ers 2017-18 Roster

Click here to take the quiz!

General Stats

  • This quiz has been taken 242 times
  • The average score is 10 of 18

Answer Stats

NbrPostPlayer% Correct
21CenterJoel Embiid
99%
25Guard-ForwardBen Simmons
97%
33ForwardRobert Covington
83%
20GuardMarkelle Fultz
79%
17Forward-GuardJJ Redick
78%
9ForwardDario Saric
76%
-Head CoachBrett Brown
73%
0GuardJerryd Bayless
55%
5Forward-CenterAmir Johnson
52%
12GuardT.J. McConnell
51%
8CenterJahlil Okafor
44%
1Guard-ForwardJustin Anderson
36%
22Forward-CenterRichaun Holmes
36%
30Guard-ForwardFurkan Korkmaz
35%
7Guard-ForwardTimothe Luwawu-Cabarrot
34%
11GuardNik Stauskas
27%
14ForwardJames Michael McAdoo
12%
00GuardJacob Pullen
10%

Score Distribution

Percentile by Number Answered

Percent of People with Each Score

Your Score History

You have not taken this quiz